000 00493nam a2200145Ia 4500
008 220217s9999 xx 000 0 und d
100 _aManeesha, M.G.
245 0 _aWater stress induced changes in water relations and differential accumulation of soluble sugars and proine in Hevea clones
260 _bMahatma Gandhi University
_a Kottayam
_c2009
300 _a12
500 _aAvailable in Physiology (G1269)
500 _aCourse: M.Sc.
700 _aJayasree Gopalakrishnan
942 _cTS
999 _c74478
_d74478